书目信息 |
| 题名: |
中国藏日本画精选
|
|
| 作者: | ||
| 分册: | 第二辑 东北卷 | |
| 出版信息: | 天津 天津人民美术出版社 2006 |
|
| 页数: | 53页 | |
| 开本: | 35cm | |
| 丛书名: | ||
| 单 册: | ||
| 中图分类: | J232(313) | |
| 科图分类: | ||
| 主题词: | 日本画 , 日本画--日本--画册 | |
| 电子资源: | ||
| ISBN: | 7-5305-3089-5 | |
| 000 | 00707nam0 2200229 450 | |
| 001 | 003067264 | |
| 005 | 20070806092928.09 | |
| 010 | @a7-5305-3089-5@b线装@dCNY60.00 | |
| 100 | @a20060116d2006 em y0chiy0110 ea | |
| 101 | 0 | @achi |
| 102 | @aCN@b120000 | |
| 105 | @aa z 000yy | |
| 106 | @ad | |
| 200 | 1 | @a中国藏日本画精选@9zhong guo cang ri ben hua jing xuan@i东北卷@h第二辑 |
| 210 | @a天津@c天津人民美术出版社@d2006 | |
| 215 | @a53页@d35cm | |
| 330 | @a本书主要收录了松山图、人物图、鸳鸯图、人面如花、妇人出游图、林间飞鸟、梅花黄雀、观梅图等美术作品。 | |
| 606 | 0 | @a日本画 |
| 606 | 0 | @a日本画@y日本@j画册 |
| 690 | @aJ232(313)@v4 | |
| 801 | 0 | @aCN@bNLC@c20070806 |
| 905 | @a10447@dJ232(313)@e78:2 | |
| 中国藏日本画精选.东北卷.第二辑.-天津:天津人民美术出版社,2006 |
| 53页;35cm |
| ISBN 7-5305-3089-5(线装):CNY60.00 |
| 本书主要收录了松山图、人物图、鸳鸯图、人面如花、妇人出游图、林间飞鸟、梅花黄雀、观梅图等美术作品。 |
| ● |
| 相关链接 |
|
|
|
|
正题名:中国藏日本画精选
索取号:J232(313)/78:2
 
预约/预借
| 序号 | 登录号 | 条形码 | 馆藏地/架位号 | 状态 | 备注 |
| 1 | 0806381 | 208063815 | 第一样本阅览室/ [索取号:J232(313)/78:2] | 在馆 | |
| 2 | 0806382 | 208063824 | 第一借阅区/ [索取号:J232(313)/78:2] | 在馆 | |
| 3 | 0806383 | 208063833 | 第一借阅区/ [索取号:J232(313)/78:2] | 在馆 | |
| 4 | 0806384 | 208063842 | 第一借阅区/ [索取号:J232(313)/78:2] | 在馆 | |
| 5 | 0806385 | 208063851 | 第一借阅区/ [索取号:J232(313)/78:2] | 在馆 | |
| 6 | 0806386 | 208063860 | 第一借阅区/ [索取号:J232(313)/78:2] | 在馆 | |
| 7 | 0806387 | 208063879 | 第一借阅区/ [索取号:J232(313)/78:2] | 在馆 | |
| 8 | 0806388 | 208063888 | 密集书库-美术系/ [索取号:J232(313)/78:2] | 在馆 | |
| 9 | 0806389 | 208063897 | 密集书库-美术系/ [索取号:J232(313)/78:2] | 在馆 | |
| 10 | 0806390 | 208063904 | 美术系资料室/ [索取号:J232(313)/78:2] | 在馆 |